Informe de la labor realizada por DINADECO en el período de enero de 1974 a mayo de 1978
Guardado en:
| Autor Corporativo: | |
|---|---|
| Formato: | Texto |
| Publicado: |
San José:
DINADECO
|
| Materias: | |
| Etiquetas: |
Agregar Etiqueta
Sin Etiquetas, Sea el primero en etiquetar este registro!
|
MARC
| LEADER | 00000 a a2200000 04500 | ||
|---|---|---|---|
| 001 | 15622 | ||
| 003 | |||
| 040 | |a CRAI/IIS |c CRAI/IIS | ||
| 090 | |a 019800 | ||
| 110 | |a Dirección Nacional de Desarrollo de la Comunidad | ||
| 245 | |a Informe de la labor realizada por DINADECO en el período de enero de 1974 a mayo de 1978 | ||
| 260 | |a San José: |b DINADECO | ||
| 300 | |a 39 p | ||
| 650 | |a DESARROLLO DE LA COMUNIDAD | ||
| 999 | |c 2506 |d 2506 | ||
